000 00488nam a2200145Ia 4500
008 100122s9999 xx 000 0 und d
082 _b44348
_a823
100 _aटोळ दत्ता श्री
245 _aपरिराणीची कहाणी
260 _bजगताप-कारले प्रकाशन
_c1965
300 _a45
630 _aपरिराणीची कहाणी
730 _aपरिराणीची कहाणी
942 _cBOOK
999 _c424129
_d424126